Statistics for Guess the Book of the Bible by One Verse #2

Click here to take the quiz!

General Stats

  • This quiz has been taken 61 times
  • The average score is 8 of 10

Answer Stats

HintAnswer% Correct
"For God so loved the world, that he gave his only Son, that whoever believes in him should not perish but have eternal life."John
98%
"Mary therefore took a pound of expensive ointment made from pure nard, and anointed the feet of Jesus and wiped his feet with her hair. The house was filled with the fragrance of the perfume."John
90%
"And they were all filled with the Holy Spirit and began to speak in other tongues as the Spirit gave them utterance."Acts
87%
"And when Boaz had eaten and drunk, and his heart was merry, he went to lie down at the end of the heap of grain. Then she came softly and uncovered his feet and lay down."Ruth
87%
"He said to them, 'Pick me up and hurl me into the sea; then the sea will quiet down for you, for I know it is because of me that this great tempest has come upon you.'”Jonah
83%
"It happened, late one afternoon, when David arose from his couch and was walking on the roof of the king’s house, that he saw from the roof a woman bathing; and the woman was very beautiful."2 Samuel
81%
"But he was pierced for our transgressions; he was crushed for our iniquities; upon him was the chastisement that brought us peace, and with his wounds we are healed."Isaiah
79%
"I can do all things through Christ who strengthens me."Philippians
79%
"What shall we say then? Are we to continue in sin that grace may abound?"Romans
69%
"Have I not commanded you? Be strong and courageous. Do not be frightened, and do not be dismayed, for the Lord your God is with you wherever you go."Joshua
63%

Score Distribution

Percentile by Number Answered

Percent of People with Each Score

Your Score History

You have not taken this quiz